Basic Tagalog for foreigners and non-Tagalogs / (Record no. 16414)
[ view plain ]
| 000 -LEADER | |
|---|---|
| fixed length control field | 01149cam a2200325 a 4500 |
| 001 - CONTROL NUMBER | |
| control field | 14943330 |
| 003 - CONTROL NUMBER IDENTIFIER | |
| control field | OSt |
| 005 - DATE AND TIME OF LATEST TRANSACTION | |
| control field | 20140310182822.0 |
| 008 - FIXED-LENGTH DATA ELEMENTS--GENERAL INFORMATION | |
| fixed length control field | 070727s2007 ja ab 000 0 eng |
| 010 ## - LIBRARY OF CONGRESS CONTROL NUMBER | |
| LC control number | 2007933898 |
| 020 ## - INTERNATIONAL STANDARD BOOK NUMBER | |
| International Standard Book Number | 9780804838375 (pbk.) |
| 020 ## - INTERNATIONAL STANDARD BOOK NUMBER | |
| International Standard Book Number | 0804838372 (pbk.) |
| 040 ## - CATALOGING SOURCE | |
| Original cataloging agency | DLC |
| Transcribing agency | DLC |
| Modifying agency | DLC |
| 041 0# - LANGUAGE CODE | |
| Language code of text/sound track or separate title | eng |
| -- | tag |
| 050 00 - LIBRARY OF CONGRESS CALL NUMBER | |
| Classification number | PL 6053 |
| Item number | .As78 2007 |
| 082 00 - DEWEY DECIMAL CLASSIFICATION NUMBER | |
| Classification number | 499/.21183421 |
| -- | 22 |
| 100 1# - MAIN ENTRY--PERSONAL NAME | |
| Personal name | Aspillera, Paraluman S. |
| 245 10 - TITLE STATEMENT | |
| Title | Basic Tagalog for foreigners and non-Tagalogs / |
| Statement of responsibility, etc | by Paraluman S. Aspillera ; revised and updated by Yolanda Canseco Hernandez. |
| 250 ## - EDITION STATEMENT | |
| Edition statement | Rev. 2nd ed. |
| 260 ## - PUBLICATION, DISTRIBUTION, ETC. (IMPRINT) | |
| Place of publication, distribution, etc | Tokyo ; |
| -- | Rutland, Vt. : |
| Name of publisher, distributor, etc | Tuttle Pub., |
| Date of publication, distribution, etc | 2007. |
| 300 ## - PHYSICAL DESCRIPTION | |
| Extent | 239 p. : |
| Other physical details | ill., map ; |
| Dimensions | 26 cm. + |
| Accompanying material | 1 sound disc (digital ; 4 3/4 in.) |
| 490 0# - SERIES STATEMENT | |
| Series statement | Tuttle language library |
| 650 #0 - SUBJECT ADDED ENTRY--TOPICAL TERM | |
| Topical term or geographic name as entry element | Tagalog language |
| General subdivision | Textbooks for foreign speakers |
| -- | English. |
| 700 1# - ADDED ENTRY--PERSONAL NAME | |
| Personal name | Hernandez, Yolanda Canseco. |
| 906 ## - LOCAL DATA ELEMENT F, LDF (RLIN) | |
| a | 7 |
| b | cbc |
| c | origcop |
| d | 2 |
| e | epcn |
| f | 20 |
| g | y-gencatlg |
| 942 ## - ADDED ENTRY ELEMENTS (KOHA) | |
| Source of classification or shelving scheme | Library of Congress Classification |
| Koha item type | Books |
| Call number prefix | Local |
| Withdrawn status | Lost status | Source of classification or shelving scheme | Damaged status | Home library | Current library | Shelving location | Date acquired | Total Checkouts | Total Renewals | Full call number | Barcode | Date last seen | Date checked out | Copy number | Price effective from | Koha item type |
|---|---|---|---|---|---|---|---|---|---|---|---|---|---|---|---|---|
| Library of Congress Classification | College Library | College Library | Filipiniana Section | 03/05/2013 | 4 | 34 | PL 6053 .As78 2007 | C14812 | 04/25/2019 | 04/02/2019 | 1 | 03/10/2014 | Books |